| 000 | 00610nam a22001937a 4500 | ||
|---|---|---|---|
| 003 | OSt | ||
| 005 | 20260116020559.0 | ||
| 008 | 260116b |||||||| |||| 00| 0 eng d | ||
| 020 | _a981-243-425-9. | ||
| 040 |
_aDWCL-Admin lib _cOC |
||
| 082 | _aCirc. 657.42 B238c 2003 | ||
| 100 | _aBanfield, Jesse T. | ||
| 245 |
_aCost accounting: _b traditions and innovations / _c Jesse T. Banfield |
||
| 260 |
_aAustralia: _b South-Western/Thomson Learning, / _cc2003. |
||
| 300 |
_a xviii, 890 p. ; _c25 cm. |
||
| 504 | _aIncludes index. | ||
| 650 | _a1. Accounting. | ||
| 942 |
_2ddc _cBK-CIRC _e5th ed. _hCirc. _n0 |
||
| 999 |
_c7468 _d7468 |
||